000 00628nam a2200277Ia 4500
005 20260324144721.0
008 008 260324s9999 xx 000 0 eng d
020 _a9781315829029
037 _aEBOOK
040 _aCRL
040 _beng
040 _cCRL
041 _2eng
041 _aeng
084 _qCRL
100 _aMohamed Ibrahim Kamel
_91220349
245 0 _aCamp David Accords
260 _bTaylor and Francis
260 _c1986
365 _a
365 _b300
856 _uhttp://www.taylorfrancis.com/books/9781315829029
942 _cEBOOK
999 _c1827308
_d1827308